000
00251nam a22000977a 4500
082
_a
355 ML ARM'Y
245
_a
ARMY REGULATIONS VOLUME-3 INDEX TO RULES AND INSTRUCTIONS
260
_a
RAWALPINDI
_b
CIVIL & MILITARY
_c
1960
300
_a
101P
942
_c
BK
999
_c
570121
_d
570121